Update of full blown AIDS cases notified in Italy as of may 31, 1991.

Gespeichert in:
Bibliographische Detailangaben
Körperschaft: Commissione nazionale per la lotta contro l'AIDS
Format: Buch
Sprache:Italienisch
Englisch
Veröffentlicht: [Italia] : Commissione nazionale per la lotta contro l'AIDS, [1991?]
Tags: Tag hinzufügen
Keine Tags, Fügen Sie das erste Tag hinzu!

MARC

LEADER 00000nam a22000007i 4500
001 IT\ICCU\UBO\3641635
003 ItRI
005 20260115232226.0
008 090528s1991 it |||||| ||||| |||||c
040 |b ita  |c importazione bologna sebina 
041 7 |a ita  |a eng  |2 ISO-639-2 
245 0 0 |a Update of full blown AIDS cases notified in Italy as of may 31, 1991. 
260 |a [Italia] :  |b Commissione nazionale per la lotta contro l'AIDS,  |c [1991?] 
300 |a 1 v. ;  |c 30 cm 
500 |a Tit. della cop 
500 |a Sul front.: Ministero della Sanità, Istituto Superiore di Sanità. 
710 2 |a Commissione nazionale per la lotta contro l'AIDS  |0 IT\ICCU\MILV\148204 
942 |2 ddc  |c BK  |n 0 
952 |0 0  |1 0  |4 0  |6 A_614_500000000000000_COM  |7 0  |9 22377  |a BO  |b BO  |d 2026-01-15  |i 4862  |l 0  |o A 614.5 COM  |p BO4862  |r 2026-01-15 23:22:26  |w 2026-01-15  |x [Sebina 5] [1 v.]  |y BK  |z 1 v. 
999 |c 19109  |d 19109